| 000 | 00529nam a2200169 a 4500 | ||
|---|---|---|---|
| 005 | 20140412111331.0 | ||
| 008 | 030317s19uu xx 00 eng d | ||
| 020 | _a0-02-109589-2 | ||
| 050 |
_aBB _bNu88 1995 |
||
| 100 | _aChorao, Kay | ||
| 245 |
_aNumber one, number fun / _cwritten and illustrated by Kay Chorao. |
||
| 260 |
_aNew York : _bMacmillan/McGraw-Hill School Pub. Comp, _c1995. |
||
| 300 | _a28 p. ; ill. | ||
| 650 | _aAddition--Juvenile literature | ||
| 650 | _aSubtraction--Juvenile literature | ||
| 999 |
_c104940 _d104940 |
||